| 000 | 00695nam a22002297a 4500 | ||
|---|---|---|---|
| 003 | LK-CoMWRAF | ||
| 005 | 20230928170135.0 | ||
| 008 | 230928b2005 |||||||| |||| 00| 0 eng d | ||
| 040 |
_aLK-CoMWRAF _dLK-CoMWRAF _eLK-CoMWRAF |
||
| 041 | _aeng | ||
| 082 |
_a305.42 _bJAN |
||
| 100 | _aBarry, Jane | ||
| 245 |
_aRising up in response _bWomen's rights activism in conflict |
||
| 260 |
_aColorado: _bUrgent Action fund, _c2005 |
||
| 300 | _axv, 183 p. ; 23 cm | ||
| 650 | _aWOMEN'S RIGHTS | ||
| 650 | _aHuman Rights | ||
| 650 | _aArmed Conflict | ||
| 650 | _aConflict management | ||
| 856 | _uhttps://genderandsecurity.org/sites/default/files/Barry_-_Rising_up_in_Response_.pdf | ||
| 942 | _cBK | ||
| 999 |
_c3732 _d3732 |
||